000
00242nam a2200097Ia 4500
001
744124
005
20250826164252.0
008
250824s9999 xx 000 0 und d
245
0
_a
SÜPER EKONOMİ
_c
ASENA MERİÇ
260
_b
YEDİVEREN YAYINLARI
999
_c
744124
_d
744124